000 01171nam a2200301Ia 4500
001 Para_6371
003 CHAP
008 220125s1911 xx 000 0 und d
010 _a205083
040 _cCHAP
082 _aPA-C 595.726 G85
245 _aGuide to the insects of Connecticut /
_c by Prepared ander the direction of wilton Everett Britton - (M /
_cBAJA)
260 _aHartford, Conn :
_b State Geological and Natural History Survey of Connecticut
300 _a3v. + láms
440 _aConn. State Geological and Natural History Survey Bulletin; 16
_9171028
505 _aContenido: Pte. 1. General introduction - Pte. 2. The euplexoptera and orthoptera of Connecticut - Pte. 3. The hymenoptera, or wasp - like insects of Connecticut - Pte. 4. The hemiptera or sucking
650 _aHemipteros
_x Connecticut
_9171029
650 _aHimenopteros
_x Connecticut
_9171030
650 _aOrtopteros
_984147
700 _aBritton, Wilton Everett
_915462
901 _aPA-C 595.726 G85
902 _aM
905 _a0000001911 0000000000 00
910 _a1911
942 _cPARA
942 _cPARA
_d1
999 _c205083
_d205083